000
00321nam a22001337a 4500
999
_c
13669
_d
13669
020
_a
9780073513607
082
_a
428.2
100
_a
John Langan ; Janet M. Goldstein
245
_a
English Brushup
250
_a
Sixth Edition
260
_a
New York
_b
McGraw Hill Education
_c
2015
300
_a
vi, 265 pages
942
_c
BK